Statystyki dla Państwa najbliższe Kosowa

Kliknij tutaj aby rozwiązać quiz!

Ogólne statystyki

  • Ten quiz został rozwiązany 194 razy
  • Średni wynik to 18 z 20

Statystyki odpowiedzi

kmkraj% Poprawnych
0Serbia
99%
114Grecja
97%
0Czarnogóra
95%
478Słowenia
95%
0Albania
94%
96Bośnia i
Hercegowina
94%
54Bułgaria
94%
0Macedonia
Północna
94%
156Rumunia
94%
527Słowacja
94%
318Węgry
93%
128Chorwacja
92%
253Włochy
92%
601Mołdawia
91%
547Ukraina
91%
525Austria
88%
658Polska
88%
389Turcja
84%
628Watykan
71%
622San Marino
70%

Rozkład punktacji

Percentyl według liczby udzielonych odpowiedzi

Procent ludzi z każdym wynikiem

Twoja historia wyników

Nie rozwiązałeś tego quizu